| 000 | 00709cam a22002413a 4500 | ||
|---|---|---|---|
| 001 | 11624 | ||
| 003 | PGUSA | ||
| 005 | 20140828083239.0 | ||
| 008 | 040301s2004||||xxu|||||s|||||000 1 eng d | ||
| 040 |
_aPGUSA _beng |
||
| 042 | _adc | ||
| 050 | 4 | _aPR | |
| 100 | 1 |
_aGlyn, Elinor, _d1864-1943 |
|
| 245 | 1 | 4 |
_aThe Reflections of Ambrosine : _bA Novel _h[electronic resource] / _cElinor Glyn |
| 260 |
_bProject Gutenberg, _c2004 |
||
| 506 | _aPublic domain in the USA. | ||
| 516 | _aElectronic text | ||
| 653 | _aAristocracy (Social class) -- Fiction | ||
| 653 | _aMan-woman relationships -- Fiction | ||
| 830 | 0 |
_aProject Gutenberg _v11624 |
|
| 856 | 4 | 0 | _uhttp://www.gutenberg.org/ebooks/11624 |
| 942 | _cEB | ||
| 999 |
_c240879 _d240879 |
||